[Event "OPEN DE MENTON 2023"]
[Site "Palais de l'europe Menton, France"]
[Date "2023.10.28"]
[Round "8.3"]
[White "Sebastien, MIDOUX 2083"]
[Black "Thibault, DUDOGNON 2386"]
[Result "1-0"]
[TimeControl "90'+30\"/ 40m + 30' +30\""]
[BlackTitle "FM"]
[WhiteElo "2083"]
[BlackElo "2386"]

1. d4 {[%clk 01:30:46]} {[%emt 00:00:13]} d5 {[%clk 01:30:34]} {[%emt
00:00:27]} 2. c4 {[%clk 01:31:00]} {[%emt 00:00:16]} dxc4 {[%clk 01:29:48]}
{[%emt 00:01:16]} 3. Nf3 {[%clk 01:31:14]} {[%emt 00:00:15]} Nf6 {[%clk
01:30:09]} {[%emt 00:00:09]} 4. Qa4+ {[%clk 01:31:33]} {[%emt 00:00:12]} c6
{[%clk 01:28:45]} {[%emt 00:01:54]} 5. Qxc4 {[%clk 01:30:42]} {[%emt 00:01:20]}
Bf5 {[%clk 01:28:59]} {[%emt 00:00:16]} 6. g3 {[%clk 01:29:57]} {[%emt
00:01:15]} e6 {[%clk 01:28:32]} {[%emt 00:00:57]} 7. Bg2 {[%clk 01:29:57]}
{[%emt 00:00:30]} h6 {[%clk 01:27:45]} {[%emt 00:01:18]} 8. O-O {[%clk
01:27:41]} {[%emt 00:02:45]} Be7 {[%clk 01:28:09]} {[%emt 00:00:06]} 9. Nbd2
{[%clk 01:26:11]} {[%emt 00:02:00]} Nbd7 {[%clk 01:26:32]} {[%emt 00:02:07]} 10.
e3 {[%clk 01:24:43]} {[%emt 00:01:59]} O-O {[%clk 01:23:17]} {[%emt 00:03:45]}
11. Qe2 {[%clk 01:19:43]} {[%emt 00:05:30]} Ne4 {[%clk 01:23:00]} {[%emt
00:00:47]} 12. Rd1 {[%clk 01:18:48]} {[%emt 00:01:25]} Qc7 {[%clk 01:21:53]}
{[%emt 00:01:37]} 13. Nh4 {[%clk 01:06:52]} {[%emt 00:12:27]} Bxh4 {[%clk
01:21:43]} {[%emt 00:00:39]} 14. Nxe4 {[%clk 01:07:14]} {[%emt 00:00:08]} Be7
{[%clk 01:22:01]} {[%emt 00:00:12]} 15. Bd2 {[%clk 01:00:59]} {[%emt 00:06:45]}
e5 {[%clk 01:15:30]} {[%emt 00:07:01]} 16. Bc3 {[%clk 00:56:33]} {[%emt
00:04:56]} exd4 {[%clk 01:09:04]} {[%emt 00:06:55]} 17. Bxd4 {[%clk 00:56:35]}
{[%emt 00:00:29]} Rfe8 {[%clk 01:07:05]} {[%emt 00:02:29]} 18. h3 {[%clk
00:42:32]} {[%emt 00:14:32]} Bf8 {[%clk 01:04:16]} {[%emt 00:03:19]} 19. Nc3
{[%clk 00:42:31]} {[%emt 00:00:31]} Bc5 {[%clk 00:57:50]} {[%emt 00:06:56]} 20.
Rac1 {[%clk 00:38:21]} {[%emt 00:04:40]} Bxd4 {[%clk 00:45:31]} {[%emt
00:12:50]} 21. Rxd4 {[%clk 00:34:09]} {[%emt 00:04:41]} Qb6 {[%clk 00:45:16]}
{[%emt 00:00:46]} 22. Rcd1 {[%clk 00:25:55]} {[%emt 00:08:44]} Nc5 {[%clk
00:42:46]} {[%emt 00:02:59]} 23. e4 {[%clk 00:13:39]} {[%emt 00:12:46]} a5
{[%clk 00:39:27]} {[%emt 00:03:50]} 24. Rd6 {[%clk 00:09:14]} {[%emt 00:04:55]}
Be6 {[%clk 00:34:52]} {[%emt 00:05:05]} 25. Qe3 {[%clk 00:08:19]} {[%emt
00:01:25]} Qa7 {[%clk 00:32:14]} {[%emt 00:03:08]} 26. b3 {[%clk 00:06:20]}
{[%emt 00:02:30]} Na6 {[%clk 00:29:25]} {[%emt 00:03:18]} 27. Qd2 {[%clk
00:05:55]} {[%emt 00:00:55]} Qc5 {[%clk 00:27:24]} {[%emt 00:02:30]} 28. Na4
{[%clk 00:03:58]} {[%emt 00:02:27]} Qb4 {[%clk 00:24:25]} {[%emt 00:03:29]} 29.
Qc1 {[%clk 00:04:14]} {[%emt 00:00:15]} Nc7 {[%clk 00:22:13]} {[%emt 00:02:42]}
30. R1d4 {[%clk 00:02:18]} {[%emt 00:02:26]} Qb5 {[%clk 00:22:37]} {[%emt
00:00:06]} 31. Nc5 {[%clk 00:02:37]} {[%emt 00:00:11]} Qb6 {[%clk 00:22:10]}
{[%emt 00:00:57]} 32. Bf1 {[%clk 00:02:16]} {[%emt 00:00:51]} Qa7 {[%clk
00:19:28]} {[%emt 00:03:12]} 33. h4 {[%clk 00:01:43]} {[%emt 00:01:03]} Bg4
{[%clk 00:18:19]} {[%emt 00:01:39]} 34. Nd7 {[%clk 00:01:06]} {[%emt 00:01:07]}
Bxd7 {[%clk 00:18:10]} {[%emt 00:00:39]} 35. Rxd7 {[%clk 00:01:34]} {[%emt
00:00:02]} Ne6 {[%clk 00:18:29]} {[%emt 00:00:11]} 36. Rc4 {[%clk 00:00:39]}
{[%emt 00:01:27]} Rad8 {[%clk 00:18:17]} {[%emt 00:00:41]} 37. Rxd8 {[%clk
00:00:36]} {[%emt 00:00:33]} Rxd8 {[%clk 00:18:43]} {[%emt 00:00:04]} 38. Kg2
{[%clk 00:00:44]} {[%emt 00:00:22]} Qb6 {[%clk 00:18:21]} {[%emt 00:00:52]} 39.
Rc3 {[%clk 00:00:49]} {[%emt 00:00:25]} Qd4 {[%clk 00:17:23]} {[%emt 00:01:27]}
40. Re3 {[%clk 00:30:45]} {[%emt 00:00:35]} Qd2 {[%clk 00:41:26]} {[%emt
00:06:26]} 41. Qa3 {[%clk 00:17:08]} {[%emt 00:14:08]} Qb4 {[%clk 00:38:45]}
{[%emt 00:03:10]} 42. Qxb4 {[%clk 00:17:33]} {[%emt 00:00:06]} axb4 {[%clk
00:39:11]} {[%emt 00:00:04]} 43. Rd3 {[%clk 00:18:01]} {[%emt 00:00:02]} Ra8
{[%clk 00:38:33]} {[%emt 00:01:07]} 44. Rd2 {[%clk 00:17:44]} {[%emt 00:00:47]}
Nc5 {[%clk 00:34:47]} {[%emt 00:04:16]} 45. Kf3 {[%clk 00:17:52]} {[%emt
00:00:22]} Kf8 {[%clk 00:34:12]} {[%emt 00:01:04]} 46. Bh3 {[%clk 00:14:54]}
{[%emt 00:03:28]} Ra3 {[%clk 00:32:51]} {[%emt 00:01:51]} 47. Ke3 {[%clk
00:13:06]} {[%emt 00:02:19]} Ra8 {[%clk 00:31:15]} {[%emt 00:02:06]} 48. Rc2
{[%clk 00:11:32]} {[%emt 00:02:04]} b6 {[%clk 00:31:10]} {[%emt 00:00:35]} 49.
Rd2 {[%clk 00:09:07]} {[%emt 00:02:55]} Ke7 {[%clk 00:31:33]} {[%emt 00:00:07]}
50. e5 {[%clk 00:06:57]} {[%emt 00:02:40]} Rd8 {[%clk 00:20:41]} {[%emt
00:11:22]} 51. Rxd8 {[%clk 00:06:07]} {[%emt 00:01:20]} Kxd8 {[%clk 00:20:47]}
{[%emt 00:00:24]} 52. Kd4 {[%clk 00:05:33]} {[%emt 00:01:04]} Kc7 {[%clk
00:20:02]} {[%emt 00:01:15]} 53. h5 {[%clk 00:05:02]} {[%emt 00:01:01]} f6
{[%clk 00:18:07]} {[%emt 00:02:25]} 54. Bf5 {[%clk 00:03:48]} {[%emt 00:01:45]}
Na6 {[%clk 00:16:32]} {[%emt 00:02:06]} 55. f4 {[%clk 00:03:43]} {[%emt
00:00:35]} Kd8 {[%clk 00:16:09]} {[%emt 00:00:52]} 56. Be4 {[%clk 00:02:27]}
{[%emt 00:01:46]} Kd7 {[%clk 00:15:15]} {[%emt 00:01:24]} 57. Bf5+ {[%clk
00:02:53]} {[%emt 00:00:04]} Ke7 {[%clk 00:14:34]} {[%emt 00:01:10]} 58. Be4
{[%clk 00:02:59]} {[%emt 00:00:24]} fxe5+ {[%clk 00:13:19]} {[%emt 00:01:45]}
59. Kxe5 {[%clk 00:03:12]} {[%emt 00:00:17]} Nb8 {[%clk 00:12:57]} {[%emt
00:00:52]} 60. Kf5 {[%clk 00:02:11]} {[%emt 00:01:33]} Kf7 {[%clk 00:11:48]}
{[%emt 00:01:38]} 61. g4 {[%clk 00:02:16]} {[%emt 00:00:25]} c5 {[%clk
00:08:19]} {[%emt 00:03:59]} 62. g5 {[%clk 00:02:31]} {[%emt 00:00:15]} hxg5
{[%clk 00:05:19]} {[%emt 00:03:30]} 63. fxg5 {[%clk 00:02:54]} {[%emt
00:00:07]} Nd7 {[%clk 00:05:33]} {[%emt 00:00:16]} 64. Bd5+ {[%clk 00:02:03]}
{[%emt 00:01:22]} Ke7 {[%clk 00:05:51]} {[%emt 00:00:12]} 65. Kg6 {[%clk
00:01:30]} {[%emt 00:01:04]} Kf8 {[%clk 00:06:04]} {[%emt 00:00:17]} 66. Kf5
{[%clk 00:01:47]} {[%emt 00:00:12]} Ke7 {[%clk 00:06:23]} {[%emt 00:00:11]} 67.
Bc4 {[%clk 00:01:05]} {[%emt 00:01:13]} Nf8 {[%clk 00:06:03]} {[%emt 00:00:49]}
68. Bg8 {[%clk 00:00:54]} {[%emt 00:00:40]} b5 {[%clk 00:03:02]} {[%emt
00:03:31]} 69. Ke5 {[%clk 00:00:49]} {[%emt 00:00:35]} Nd7+ {[%clk 00:01:33]}
{[%emt 00:02:00]} 70. Kd5 {[%clk 00:01:09]} {[%emt 00:00:09]} c4 {[%clk
00:01:10]} {[%emt 00:00:54]} 71. bxc4 {[%clk 00:01:07]} {[%emt 00:00:33]} Nb6+
{[%clk 00:01:31]} {[%emt 00:00:09]} 72. Kc5 {[%clk 00:01:00]} {[%emt 00:00:37]}
Nd7+ {[%clk 00:00:56]} {[%emt 00:01:05]} 73. Kxb5 {[%clk 00:01:07]} {[%emt
00:00:22]} Ne5 {[%clk 00:01:22]} {[%emt 00:00:05]} 74. Kxb4 {[%clk 00:01:02]}
{[%emt 00:00:35]} Nf3 {[%clk 00:01:42]} {[%emt 00:00:10]} 75. h6 {[%clk
00:01:19]} {[%emt 00:00:13]} gxh6 {[%clk 00:02:05]} {[%emt 00:00:07]} 76. gxh6
{[%clk 00:01:43]} {[%emt 00:00:06]} Kf6 {[%clk 00:02:33]} {[%emt 00:00:02]} 77.
Bd5 {[%clk 00:01:38]} {[%emt 00:00:35]} Nd4 {[%clk 00:02:53]} {[%emt 00:00:09]}
78. Kc5 {[%clk 00:01:43]} {[%emt 00:00:26]} Nf5 {[%clk 00:03:17]} {[%emt
00:00:07]} 79. Be4 {[%clk 00:02:02]} {[%emt 00:00:12]} Nxh6 {[%clk 00:03:41]}
{[%emt 00:00:05]} 80. Kb6 {[%clk 00:01:15]} {[%emt 00:01:16]} Ke5 {[%clk
00:03:46]} {[%emt 00:00:25]} 81. Bh1 {[%clk 00:01:05]} {[%emt 00:00:39]} Nf7
{[%clk 00:03:55]} {[%emt 00:00:21]} 82. c5 {[%clk 00:01:23]} {[%emt 00:00:13]}
Kd4 {[%clk 00:03:46]} {[%emt 00:00:39]} 83. c6 {[%clk 00:01:19]} {[%emt
00:00:34]} Kc4 {[%clk 00:04:05]} {[%emt 00:00:11]} 84. c7 {[%clk 00:00:57]}
{[%emt 00:00:52]} Nd6 {[%clk 00:04:32]} {[%emt 00:00:03]} 85. Kc6 {[%clk
00:01:16]} {[%emt 00:00:11]} Nc8 {[%clk 00:04:59]} {[%emt 00:00:03]} 86. Bd5+
{[%clk 00:01:35]} {[%emt 00:00:11]} Kb4 {[%clk 00:05:00]} {[%emt 00:00:29]} 87.
Be6 {[%clk 00:01:22]} {[%emt 00:00:43]} Na7+ {[%clk 00:05:25]} {[%emt
00:00:05]} 88. Kb6 {[%clk 00:01:08]} 1-0

[Event "OPEN DE MENTON 2023"]
[Site "Palais de l'europe Menton, France"]
[Date "2023.10.29"]
[Round "9.1"]
[White "Clement, KUHN 2338"]
[Black "Guillaume, PHILIPPE 2333"]
[Result "1/2-1/2"]
[TimeControl "90'+30\"/ 40m + 30' +30\""]
[WhiteTitle "FM"]
[BlackTitle "IM"]
[WhiteElo "2338"]
[BlackElo "2333"]

1. e4 {[%emt 00:00:19]} e5 {[%clk 01:29:40]} {[%emt 00:01:09]} 2. Nf3 {[%clk
01:31:08]} {[%emt 00:00:13]} Nc6 {[%clk 01:30:05]} {[%emt 00:00:05]} 3. Bb5
{[%clk 01:31:36]} {[%emt 00:00:01]} a6 {[%clk 01:30:19]} {[%emt 00:00:17]} 4.
Ba4 {[%clk 01:32:04]} {[%emt 00:00:01]} Nge7 {[%clk 01:29:21]} {[%emt
00:01:27]} 5. Nc3 {[%clk 01:32:29]} {[%emt 00:00:06]} d6 {[%clk 01:28:41]}
{[%emt 00:01:10]} 6. d4 {[%clk 01:26:07]} {[%emt 00:06:52]} b5 {[%clk
01:28:27]} {[%emt 00:00:45]} 7. Bb3 {[%clk 01:21:53]} {[%emt 00:04:44]} Nxd4
{[%clk 01:28:05]} {[%emt 00:00:51]} 8. Nxd4 {[%clk 01:20:08]} {[%emt 00:02:16]}
exd4 {[%clk 01:28:28]} {[%emt 00:00:06]} 9. Qh5 {[%clk 01:14:21]} {[%emt
00:06:17]} Ng6 {[%clk 01:28:13]} {[%emt 00:00:45]} 10. Nd5 {[%clk 01:09:23]}
{[%emt 00:05:27]} c6 {[%clk 01:08:34]} {[%emt 00:20:08]} 11. Bg5 {[%clk
01:09:22]} {[%emt 00:00:33]} Qa5+ {[%clk 01:08:58]} {[%emt 00:00:07]} 12. Bd2
{[%clk 01:09:48]} {[%emt 00:00:04]} Qd8 {[%clk 01:09:24]} {[%emt 00:00:04]} 13.
Bg5 {[%clk 01:00:29]} {[%emt 00:09:48]} Qa5+ {[%clk 01:09:49]} {[%emt
00:00:05]} 14. Bd2 {[%clk 01:00:37]} {[%emt 00:00:22]} Qd8 {[%clk 01:10:15]}
{[%emt 00:00:05]} 15. Bg5 {[%emt 00:01:18]} 1/2-1/2

[Event "OPEN DE MENTON 2023"]
[Site "Palais de l'europe Menton, France"]
[Date "2023.10.29"]
[Round "9.2"]
[White "Marlies, BENSDORP-DE LABACA 2212"]
[Black "Sebastien, MIDOUX 2083"]
[Result "1-0"]
[TimeControl "90'+30\"/ 40m + 30' +30\""]
[WhiteTitle "WIM"]
[WhiteElo "2212"]
[BlackElo "2083"]

1. d4 {[%clk 01:30:57]} {[%emt 00:00:02]} d5 {[%clk 01:30:50]} {[%emt
00:00:09]} 2. c4 {[%clk 01:31:24]} {[%emt 00:00:05]} Bf5 {[%clk 01:30:58]}
{[%emt 00:00:21]} 3. Nc3 {[%clk 01:30:43]} {[%emt 00:01:11]} e6 {[%clk
01:29:23]} {[%emt 00:02:05]} 4. Nf3 {[%clk 01:30:47]} {[%emt 00:00:27]} c6
{[%clk 01:28:17]} {[%emt 00:01:35]} 5. Qb3 {[%clk 01:26:12]} {[%emt 00:05:06]}
Qb6 {[%clk 01:21:17]} {[%emt 00:07:29]} 6. c5 {[%clk 01:17:38]} {[%emt
00:09:05]} Qc7 {[%clk 01:21:29]} {[%emt 00:00:18]} 7. g3 {[%clk 01:18:04]}
{[%emt 00:00:04]} Nd7 {[%clk 01:18:28]} {[%emt 00:03:30]} 8. Bf4 {[%clk
01:18:01]} {[%emt 00:00:34]} Qc8 {[%clk 01:18:53]} {[%emt 00:00:06]} 9. Qd1
{[%clk 01:07:56]} {[%emt 00:10:35]} h6 {[%clk 01:14:29]} {[%emt 00:04:53]} 10.
Bg2 {[%clk 01:03:05]} {[%emt 00:05:22]} g5 {[%clk 01:09:52]} {[%emt 00:05:06]}
11. Be3 {[%clk 01:03:29]} {[%emt 00:00:06]} Bg7 {[%clk 01:07:01]} {[%emt
00:03:20]} 12. b4 {[%clk 00:57:35]} {[%emt 00:06:25]} Ne7 {[%clk 01:01:03]}
{[%emt 00:06:28]} 13. h4 {[%clk 00:55:02]} {[%emt 00:03:03]} g4 {[%clk
00:54:08]} {[%emt 00:07:25]} 14. Nd2 {[%clk 00:55:16]} {[%emt 00:00:16]} Bh7
{[%clk 00:52:48]} {[%emt 00:01:49]} 15. Nb3 {[%clk 00:54:57]} {[%emt 00:00:50]}
Nf5 {[%clk 00:41:15]} {[%emt 00:12:03]} 16. Qd2 {[%clk 00:49:28]} {[%emt
00:05:59]} O-O {[%clk 00:34:59]} {[%emt 00:06:45]} 17. O-O {[%clk 00:49:39]}
{[%emt 00:00:19]} Re8 {[%clk 00:32:47]} {[%emt 00:02:43]} 18. Rad1 {[%clk
00:44:05]} {[%emt 00:06:05]} b6 {[%clk 00:25:24]} {[%emt 00:07:53]} 19. Bf4
{[%clk 00:36:27]} {[%emt 00:08:08]} bxc5 {[%clk 00:25:32]} {[%emt 00:00:22]} 20.
bxc5 {[%clk 00:36:46]} {[%emt 00:00:11]} e5 {[%clk 00:18:14]} {[%emt 00:07:48]}
21. dxe5 {[%clk 00:36:39]} {[%emt 00:00:38]} Nxe5 {[%clk 00:18:00]} {[%emt
00:00:44]} 22. Qc1 {[%clk 00:34:40]} {[%emt 00:02:29]} Qa6 {[%clk 00:17:28]}
{[%emt 00:01:03]} 23. Rfe1 {[%clk 00:24:51]} {[%emt 00:10:20]} Rad8 {[%clk
00:16:48]} {[%emt 00:01:10]} 24. Bxe5 {[%clk 00:19:34]} {[%emt 00:05:47]} Bxe5
{[%clk 00:13:01]} {[%emt 00:04:16]} 25. e4 {[%clk 00:18:24]} {[%emt 00:01:41]}
Qc4 {[%clk 00:07:47]} {[%emt 00:05:43]} 26. Ne2 {[%clk 00:12:11]} {[%emt
00:06:43]} Qxc1 {[%clk 00:06:23]} {[%emt 00:01:55]} 27. Nexc1 {[%clk 00:10:10]}
{[%emt 00:02:31]} dxe4 {[%clk 00:04:44]} {[%emt 00:02:09]} 28. Rxd8 {[%clk
00:10:29]} {[%emt 00:00:11]} Rxd8 {[%clk 00:05:09]} {[%emt 00:00:04]} 29. Rxe4
{[%clk 00:10:51]} {[%emt 00:00:09]} Bb2 {[%clk 00:03:35]} {[%emt 00:02:04]} 30.
Rxg4+ {[%clk 00:10:46]} {[%emt 00:00:35]} Kf8 {[%clk 00:03:57]} {[%emt
00:00:08]} 31. Ne2 {[%clk 00:10:22]} {[%emt 00:00:55]} Rd1+ {[%clk 00:03:42]}
{[%emt 00:00:45]} 32. Kh2 {[%clk 00:10:44]} {[%emt 00:00:08]} Re1 {[%clk
00:02:20]} {[%emt 00:01:52]} 33. Bf3 {[%clk 00:09:33]} {[%emt 00:01:41]} Be5
{[%clk 00:00:50]} {[%emt 00:02:01]} 34. Kg2 {[%clk 00:08:32]} {[%emt 00:01:31]}
h5 {[%clk 00:00:32]} {[%emt 00:00:48]} 35. Ra4 {[%clk 00:08:50]} {[%emt
00:00:12]} Ne7 {[%clk 00:00:37]} {[%emt 00:00:25]} 36. Rxa7 {[%clk 00:08:59]}
{[%emt 00:00:22]} Bd3 {[%clk 00:00:37]} {[%emt 00:00:30]} 37. Ned4 {[%clk
00:06:37]} {[%emt 00:02:52]} Ng6 {[%clk 00:00:56]} {[%emt 00:00:11]} 38. Bxh5
{[%clk 00:06:06]} {[%emt 00:01:00]} Bf1+ {[%clk 00:01:01]} {[%emt 00:00:24]} 39.
Kh2 {[%clk 00:05:24]} {[%emt 00:01:13]} Nf4 {[%emt 00:01:02]} 1-0

[Event "OPEN DE MENTON 2023"]
[Site "Palais de l'europe Menton, France"]
[Date "2023.10.29"]
[Round "9.3"]
[White "Jean-Thomas, GERONIMI 2052"]
[Black "Louis, AURIBAULT 2089"]
[Result "1-0"]
[TimeControl "90'+30\"/ 40m + 30' +30\""]
[WhiteElo "2052"]
[BlackElo "2089"]

1. e4 {[%clk 01:30:58]} e5 {[%clk 01:30:52]} {[%emt 00:00:08]} 2. Nf3 {[%clk
01:31:24]} {[%emt 00:00:04]} Nc6 {[%clk 01:31:15]} {[%emt 00:00:07]} 3. d4
{[%clk 01:31:51]} {[%emt 00:00:04]} exd4 {[%clk 01:31:24]} {[%emt 00:00:21]} 4.
Bc4 {[%clk 01:32:17]} {[%emt 00:00:03]} Nf6 {[%clk 01:31:38]} {[%emt 00:00:15]}
5. e5 {[%clk 01:32:42]} {[%emt 00:00:05]} d5 {[%clk 01:31:51]} {[%emt
00:00:16]} 6. Bb5 {[%clk 01:33:08]} {[%emt 00:00:05]} Nd7 {[%clk 01:31:56]}
{[%emt 00:00:25]} 7. Bxc6 {[%clk 01:32:04]} {[%emt 00:01:34]} bxc6 {[%clk
01:32:15]} {[%emt 00:00:10]} 8. Nxd4 {[%clk 01:32:00]} {[%emt 00:00:34]} Nxe5
{[%clk 01:30:44]} {[%emt 00:02:01]} 9. Qe2 {[%clk 01:03:55]} {[%emt 00:28:36]}
Qe7 {[%clk 01:27:41]} {[%emt 00:03:33]} 10. f4 {[%clk 01:02:09]} {[%emt
00:02:16]} Ng6 {[%clk 01:27:21]} {[%emt 00:00:49]} 11. Nxc6 {[%clk 01:02:03]}
{[%emt 00:00:37]} Qxe2+ {[%clk 01:27:25]} {[%emt 00:00:26]} 12. Kxe2 {[%clk
01:02:32]} {[%emt 00:00:02]} Bd6 {[%clk 01:26:20]} {[%emt 00:01:34]} 13. g3
{[%clk 00:56:06]} {[%emt 00:06:56]} Bd7 {[%clk 01:19:11]} {[%emt 00:07:38]} 14.
Nd4 {[%clk 00:56:01]} {[%emt 00:00:35]} c5 {[%clk 01:18:56]} {[%emt 00:00:46]}
15. Nf3 {[%clk 00:55:31]} {[%emt 00:00:59]} h5 {[%clk 01:17:40]} {[%emt
00:01:46]} 16. Rd1 {[%clk 00:49:56]} {[%emt 00:06:05]} Bc6 {[%clk 01:15:00]}
{[%emt 00:03:09]} 17. c4 {[%clk 00:49:45]} {[%emt 00:00:42]} d4 {[%clk
01:14:47]} {[%emt 00:00:42]} 18. b4 {[%clk 00:49:14]} {[%emt 00:01:02]} O-O-O
{[%clk 01:14:40]} {[%emt 00:00:36]} 19. Nbd2 {[%clk 00:42:28]} {[%emt
00:07:16]} Rhe8+ {[%clk 01:09:53]} {[%emt 00:05:17]} 20. Kf2 {[%clk 00:42:29]}
{[%emt 00:00:28]} d3 {[%clk 01:05:47]} {[%emt 00:04:37]} 21. b5 {[%clk
00:39:47]} {[%emt 00:03:13]} Re2+ {[%clk 01:03:23]} {[%emt 00:02:54]} 22. Kf1
{[%clk 00:40:16]} Bb7 {[%clk 01:02:50]} {[%emt 00:01:03]} 23. Re1 {[%clk
00:24:09]} {[%emt 00:16:37]} Rde8 {[%clk 01:00:59]} {[%emt 00:02:21]} 24. Rxe2
{[%clk 00:20:39]} {[%emt 00:04:01]} Rxe2 {[%clk 01:01:12]} {[%emt 00:00:16]} 25.
a4 {[%clk 00:20:27]} {[%emt 00:00:43]} Ne7 {[%clk 00:58:27]} {[%emt 00:03:15]}
26. Ra3 {[%clk 00:20:11]} {[%emt 00:00:46]} Bxf3 {[%clk 00:54:23]} {[%emt
00:04:34]} 27. Nxf3 {[%clk 00:11:40]} {[%emt 00:09:01]} Rc2 {[%clk 00:52:40]}
{[%emt 00:02:13]} 28. Bd2 {[%clk 00:12:05]} {[%emt 00:00:04]} Rxc4 {[%clk
00:49:20]} {[%emt 00:03:51]} 29. Rxd3 {[%clk 00:12:34]} {[%emt 00:00:01]} Bc7
{[%clk 00:46:07]} {[%emt 00:03:43]} 30. Rc3 {[%clk 00:09:38]} {[%emt 00:03:25]}
Rxc3 {[%clk 00:33:14]} {[%emt 00:13:24]} 31. Bxc3 {[%clk 00:10:06]} {[%emt
00:00:02]} f6 {[%clk 00:33:33]} {[%emt 00:00:11]} 32. Ke2 {[%clk 00:09:34]}
{[%emt 00:01:03]} Nd5 {[%clk 00:33:08]} {[%emt 00:00:55]} 33. Kd3 {[%clk
00:09:06]} {[%emt 00:00:57]} Kd7 {[%clk 00:33:14]} {[%emt 00:00:24]} 34. Bd2
{[%clk 00:04:48]} {[%emt 00:04:49]} Bd6 {[%clk 00:27:20]} {[%emt 00:06:23]} 35.
a5 {[%clk 00:04:02]} {[%emt 00:01:16]} a6 {[%clk 00:23:15]} {[%emt 00:04:35]}
36. Kc4 {[%clk 00:02:58]} {[%emt 00:01:35]} Ne7 {[%clk 00:18:32]} {[%emt
00:05:13]} 37. bxa6 {[%clk 00:02:05]} {[%emt 00:01:23]} Kc6 {[%clk 00:18:46]}
{[%emt 00:00:15]} 38. a7 {[%clk 00:02:31]} {[%emt 00:00:04]} Kb7 {[%emt
00:01:48]} 39. Be3 Nc6 {[%clk 00:13:51]} {[%emt 00:04:07]} 40. a8=Q+ {[%clk
00:31:42]} {[%emt 00:01:49]} Kxa8 {[%clk 00:44:16]} {[%emt 00:00:05]} 41. Kd5
{[%clk 00:32:08]} {[%emt 00:00:04]} Nxa5 {[%clk 00:44:42]} {[%emt 00:00:04]} 42.
Kxd6 {[%clk 00:32:23]} {[%emt 00:00:14]} Nc4+ {[%clk 00:45:06]} {[%emt
00:00:07]} 43. Kxc5 {[%clk 00:32:50]} {[%emt 00:00:02]} Nxe3 {[%clk 00:45:32]}
{[%emt 00:00:04]} 44. Kd6 {[%clk 00:33:12]} {[%emt 00:00:07]} Ng4 {[%clk
00:45:35]} {[%emt 00:00:27]} 45. Ke6 {[%clk 00:33:29]} {[%emt 00:00:13]} Nh6
{[%clk 00:42:17]} {[%emt 00:03:48]} 46. h3 {[%clk 00:30:15]} {[%emt 00:03:44]}
Kb7 {[%clk 00:42:22]} {[%emt 00:00:26]} 47. Nd4 {[%clk 00:30:33]} {[%emt
00:00:12]} g5 {[%clk 00:40:05]} {[%emt 00:02:47]} 48. Kxf6 {[%clk 00:30:55]}
{[%emt 00:00:08]} gxf4 {[%clk 00:40:04]} {[%emt 00:00:31]} 49. gxf4 {[%clk
00:31:24]} Kc7 {[%clk 00:40:05]} {[%emt 00:00:28]} 50. Kg7 {[%emt 00:00:58]}
1-0